Capitals Of World Countries A-Z - Statistics

General Stats
  • This quiz has been taken 222 times
    191 since last reset
  • The average score is 21 of 24
Answer Stats
Letter Country Capital % Correct
B Switzerland Bern
98%
O Canada Ottawa
98%
A Algeria Algiers
97%
D Ireland Dublin
97%
J Indonesia Jakarta
96%
W Poland Warsaw
95%
I Pakistan Islamabad
94%
Z Croatia Zagreb
93%
K Nepal Kathmandu
92%
Q Ecuador Quito
92%
R Morocco Rabat
91%
U Mongolia Ulaanbaatar
90%
T Estonia Tallinn
89%
H Zimbabwe Harare
87%
L Slovenia Ljubljana
86%
M Maldives Male
86%
S Yemen Sana'a
84%
V Liechtenstein Vaduz
84%
F Tuvalu Funafuti
77%
G Botswana Gaborone
75%
C Guinea Conakry
74%
N Chad N'Djamena
72%
P F.S Micronesia Palikir
67%
Y Cote d' Ivoire Yamoussoukro
64%
No matching quizzes found
Score Distribution
Percent of People with Each Score
Percentile by Number Answered
Your Score History
You have not taken this quiz since the last reset